Stilmittel Gedichte Deutsch - Statistiken

Allgemein
  • Dieses Quiz wurde 37 mal gespielt
  • Das Durchschnittsergebnis liegt bei 7 aus 17
Antwortstatistiken
Hint Antwort % Korrekt
Übertreibung Hyperbel
79%
Mehrere Worte oder betonte Silben mit gleichem Anfangslaut Alliteration
75%
Mehrere Sätze, Satzteile oder Verse mit gleichem Anfangswort Anapher
75%
nicht-Personen werden menschliche Eigenschaften zugeschrieben Personifikation
71%
Gegensätzliche Begriffe oder Aussagen gegenübergestellt Antithese
54%
Satzteile werden ausgelassen, weil man es sich denken kann Ellipse
54%
(3) Ausdrücke steigend angeordnet Klimax
54%
aus üblichem Sachgebrauch gelöstes Wort, bringt neue Bedeutung Metapher
46%
Zwei unpassende oder ausschließende Begriffe kombiniert Oxymoron
46%
aufeinanderfolgende Sätze mit gleicher Anordnung der Satzglieder Parallelismus
39%
Ein Ausdruck wird unmittelbar wieder aufgegriffen und berichtigt Correctio
25%
Anhäufung von Wörtern, die einen Oberbegriff näher erklären Akkumulation
21%
erweiterte Metapher, malt mit mehreren Vergleichen ein metaphorisches Bild Allegorie
21%
Aussage die zuerst unsinnig scheint, dann aber eine tiefere Wahrheit zeigt Paradoxon
21%
sinngleiche oder sinnähnliche Begriffe kombiniert ergeben Doppelung Pleonasmus
21%
Wörter oder kurze Sätze unverbunden neben einander Asyndeton
18%
lautmalerische Ausdrücke, ein Wort das ein Gefühl ausdrückt Interjektion
4%
Keine übereinstimmenden Quizze gefunden
Verteilung der Resultate
Anzahl Personen mit jedem Resultat
Perzentil nach korrekt beantworteten Fragen
Ihre Resultats-Entwicklung
Sie haben dieses Quiz noch nicht gespielt